[Event "5th European Small Nations"]
[Site "Andorra la Vella"]
[Date "2017.11.14"]
[Round "4.7"]
[White "Iclicki, Willy"]
[Black "Rodgaard, John"]
[Result "1/2-1/2"]
[BlackElo "2332"]
[WhiteElo "1968"]
[LiveChessVersion "1.4.8"]

1. d4 {[%clk 1:30:52]} d5 {[%clk 1:30:16]} 2. c4 {[%clk 1:30:57]} c6
{[%clk 1:29:53]} 3. Nc3 {[%clk 1:30:52]} Nf6 {[%clk 1:29:31]} 4. e3
{[%clk 1:30:33]} e6 {[%clk 1:25:25]} 5. Nf3 {[%clk 1:30:21]} Nbd7
{[%clk 1:25:01]} 6. Qc2 {[%clk 1:30:00]} Bd6 {[%clk 1:22:02]} 7. e4
{[%clk 1:28:42]} dxe4 {[%clk 1:13:49]} 8. Nxe4 {[%clk 1:29:01]} Nxe4
{[%clk 1:10:43]} 9. Qxe4 {[%clk 1:29:22]} c5 {[%clk 0:54:59]} 10. dxc5
{[%clk 1:01:25]} Bxc5 {[%clk 0:50:05]} 11. Be2 {[%clk 0:52:54]} Bb4+
{[%clk 0:39:03]} 12. Bd2 {[%clk 0:49:03]} Bxd2+ {[%clk 0:38:51]} 13. Nxd2
{[%clk 0:49:23]} Nf6 {[%clk 0:38:32]} 14. Qe3 {[%clk 0:46:08]} O-O
{[%clk 0:37:20]} 15. O-O {[%clk 0:46:04]} Qc7 {[%clk 0:29:40]} 16. b3
{[%clk 0:41:40]} b6 {[%clk 0:28:36]} 17. Bf3 {[%clk 0:39:50]} Bb7
{[%clk 0:28:42]} 18. Bxb7 {[%clk 0:36:41]} Qxb7 {[%clk 0:29:09]} 19. Nf3
{[%clk 0:34:16]} Rad8 {[%clk 0:28:43]} 20. Rad1 {[%clk 0:30:27]} Qc8
{[%clk 0:15:20]} 21. Qe2 {[%clk 0:27:29]} h6 {[%clk 0:14:19]} 22. h3
{[%clk 0:27:50]} Rfe8 {[%clk 0:13:11]} 23. Rxd8 {[%clk 0:24:55]} Rxd8
{[%clk 0:13:37]} 24. Rd1 {[%clk 0:25:10]} Qc7 {[%clk 0:12:40]} 25. Rxd8+
{[%clk 0:21:57]} Qxd8 {[%clk 0:13:08]} 26. Qd2 {[%clk 0:22:09]} Qc7
{[%clk 0:12:21]} 27. Qd4 {[%clk 0:20:41]} Nd7 {[%clk 0:10:00]} 1/2-1/2

[Event "5th European Small Nations"]
[Site "Andorra la Vella"]
[Date "2017.11.14"]
[Round "4.8"]
[White "Eydsteinsson, Silas"]
[Black "Muendle, Kurt"]
[Result "1-0"]
[BlackElo "1839"]
[WhiteElo "2059"]
[LiveChessVersion "1.4.8"]

1. Nf3 {[%clk 1:30:54]} d5 {[%clk 1:30:40]} 2. g3 {[%clk 1:31:15]} Nf6
{[%clk 1:30:38]} 3. Bg2 {[%clk 1:31:36]} c6 {[%clk 1:30:48]} 4. O-O
{[%clk 1:31:54]} e6 {[%clk 1:30:51]} 5. d3 {[%clk 1:32:17]} Be7 {[%clk 1:30:52]}
6. Nbd2 {[%clk 1:32:39]} O-O {[%clk 1:30:33]} 7. e4 {[%clk 1:33:03]} Qc7
{[%clk 1:30:02]} 8. Qe2 {[%clk 1:31:49]} b6 {[%clk 1:28:25]} 9. e5
{[%clk 1:29:20]} Nfd7 {[%clk 1:28:08]} 10. Re1 {[%clk 1:27:04]} c5
{[%clk 1:25:06]} 11. Nf1 {[%clk 1:18:09]} Bb7 {[%clk 1:21:16]} 12. h4
{[%clk 1:16:07]} Nc6 {[%clk 1:17:46]} 13. c3 {[%clk 1:09:53]} Rfe8
{[%clk 1:08:16]} 14. Bf4 {[%clk 1:08:42]} Bf8 {[%clk 1:04:04]} 15. h5
{[%clk 1:05:36]} h6 {[%clk 0:54:23]} 16. N1h2 {[%clk 0:57:38]} Ne7
{[%clk 0:48:31]} 17. g4 {[%clk 0:50:14]} Kh8 {[%clk 0:38:35]} 18. g5
{[%clk 0:34:38]} Ng8 {[%clk 0:33:15]} 19. Ng4 {[%clk 0:33:32]} f5
{[%clk 0:29:04]} 20. Ngh2 {[%clk 0:24:38]} Be7 {[%clk 0:23:55]} 21. Qd2
{[%clk 0:20:15]} Kh7 {[%clk 0:21:33]} 22. Nh4 {[%clk 0:15:36]} Qd8
{[%clk 0:19:09]} 23. N2f3 {[%clk 0:15:25]} Nf8 {[%clk 0:18:16]} 24. d4
{[%clk 0:13:14]} c4 {[%clk 0:13:57]} 25. Bh3 {[%clk 0:13:22]} Bc8
{[%clk 0:13:12]} 26. Kh2 {[%clk 0:13:18]} b5 {[%clk 0:11:24]} 27. Rg1
{[%clk 0:11:47]} a5 {[%clk 0:11:01]} 28. Rg2 {[%clk 0:11:45]} Ra7
{[%clk 0:05:48]} 29. Rag1 {[%clk 0:11:12]} hxg5 {[%clk 0:03:04]} 30. Nxg5+
{[%clk 0:08:01]} Bxg5 {[%clk 0:02:55]} 31. Bxg5 {[%clk 0:07:22]} Qb6
{[%clk 0:03:10]} 32. h6 {[%clk 0:04:59]} g6 {[%clk 0:02:29]} 33. Nxg6
{[%clk 0:04:31]} Nxg6 {[%clk 0:01:58]} 34. Bf6 {[%clk 0:04:27]} N8e7
{[%clk 0:01:42]} 35. Bxe7 {[%clk 0:03:36]} Rexe7 {[%clk 0:01:32]} 36. Rxg6
{[%clk 0:03:48]} Qd8 {[%clk 0:01:22]} 37. Qg5 {[%clk 0:03:49]} Red7
{[%clk 0:00:58]} 38. Qh5 {[%clk 0:03:31]} Re7 {[%clk 0:01:02]} 39. Rg7+
{[%clk 0:03:43]} Rxg7 {[%clk 0:01:00]} 40. hxg7+ {[%clk 0:34:07]} Kg8
{[%clk 0:31:05]} 41. Qh8+ {[%clk 0:34:33]} 1-0

[Event "5th European Small Nations"]
[Site "Andorra la Vella"]
[Date "2017.11.14"]
[Round "4.9"]
[White "Belzo, Krzysztof"]
[Black "Efimov, Igor"]
[Result "1/2-1/2"]
[BlackElo "2397"]
[WhiteElo "2077"]
[LiveChessVersion "1.4.8"]

1. c4 {[%clk 1:30:56]} e5 {[%clk 1:30:30]} 2. g3 {[%clk 1:31:13]} Nc6
{[%clk 1:30:31]} 3. Bg2 {[%clk 1:31:37]} Bc5 {[%clk 1:30:54]} 4. e3
{[%clk 1:31:43]} d6 {[%clk 1:28:19]} 5. Nc3 {[%clk 1:29:16]} a6 {[%clk 1:28:42]}
6. a3 {[%clk 1:22:52]} Ba7 {[%clk 1:27:22]} 7. b4 {[%clk 1:18:22]} Nge7
{[%clk 1:23:55]} 8. Nd5 {[%clk 1:12:26]} Nxd5 {[%clk 1:15:29]} 9. cxd5
{[%clk 1:12:54]} Ne7 {[%clk 1:15:50]} 10. Bb2 {[%clk 1:10:54]} O-O
{[%clk 1:12:58]} 11. d4 {[%clk 1:08:40]} Ng6 {[%clk 1:04:36]} 12. Rc1
{[%clk 1:04:00]} Bd7 {[%clk 0:59:18]} 13. Ne2 {[%clk 0:41:44]} Bb6
{[%clk 0:56:56]} 14. a4 {[%clk 0:38:21]} Rc8 {[%clk 0:55:49]} 15. O-O
{[%clk 0:35:00]} Qe8 {[%clk 0:53:46]} 16. a5 {[%clk 0:35:12]} Ba7
{[%clk 0:54:15]} 17. dxe5 {[%clk 0:35:20]} dxe5 {[%clk 0:48:46]} 18. Nc3
{[%clk 0:28:29]} f5 {[%clk 0:46:29]} 19. d6 {[%clk 0:27:17]} c6 {[%clk 0:46:50]}
20. Na4 {[%clk 0:27:28]} Rd8 {[%clk 0:47:17]} 21. Nc5 {[%clk 0:27:19]} Bc8
{[%clk 0:47:37]} 22. d7 {[%clk 0:25:31]} Rxd7 {[%clk 0:45:47]} 23. Nxd7
{[%clk 0:25:10]} Bxd7 {[%clk 0:46:15]} 24. Qd6 {[%clk 0:22:58]} Bb8
{[%clk 0:45:46]} 25. Qc5 {[%clk 0:22:53]} e4 {[%clk 0:31:01]} 26. Rcd1
{[%clk 0:21:15]} Bc7 {[%clk 0:18:08]} 27. Rd2 {[%clk 0:18:39]} h5
{[%clk 0:12:58]} 28. Rfd1 {[%clk 0:17:43]} Bc8 {[%clk 0:12:47]} 29. Bf1
{[%clk 0:15:22]} h4 {[%clk 0:12:52]} 30. Be2 {[%clk 0:14:37]} Kh7
{[%clk 0:12:24]} 31. Bd4 {[%clk 0:08:05]} Kh6 {[%clk 0:12:36]} 32. Qc3
{[%clk 0:07:40]} Rf7 {[%clk 0:10:46]} 33. Bc4 {[%clk 0:07:06]} Rd7
{[%clk 0:11:00]} 34. Qb3 {[%clk 0:05:50]} Re7 {[%clk 0:06:17]} 35. Bc5
{[%clk 0:03:53]} Ne5 {[%clk 0:06:45]} 36. Bxe7 {[%clk 0:04:07]} Nf3+
{[%clk 0:07:13]} 37. Kh1 {[%clk 0:03:58]} Qxe7 {[%clk 0:07:36]} 38. Be2
{[%clk 0:03:05]} Nxd2 {[%clk 0:05:23]} 39. Rxd2 {[%clk 0:03:33]} Bd6
{[%clk 0:05:16]} 40. Qg8 {[%clk 0:32:57]} Be6 {[%clk 0:33:26]} 41. Qh8+
{[%clk 0:29:15]} Kg6 {[%clk 0:33:54]} 42. Qh5+ {[%clk 0:24:34]} Kf6
{[%clk 0:34:23]} 43. Qxh4+ {[%clk 0:24:43]} Kf7 {[%clk 0:34:51]} 44. Qxe7+
{[%clk 0:20:05]} Kxe7 {[%clk 0:35:14]} 45. Rb2 {[%clk 0:19:58]} Be5
{[%clk 0:35:33]} 46. Rc2 {[%clk 0:19:19]} Bd6 {[%clk 0:35:55]} 47. Rb2
{[%clk 0:19:40]} Be5 {[%clk 0:36:21]} 48. Rb1 {[%clk 0:18:14]} Bc3
{[%clk 0:36:25]} 49. Rc1 {[%clk 0:13:09]} Bxb4 {[%clk 0:36:38]} 50. Bxa6
{[%clk 0:13:34]} bxa6 {[%clk 0:35:02]} 51. Rxc6 {[%clk 0:13:59]} Bxa5
{[%clk 0:35:22]} 52. Rxa6 {[%clk 0:14:27]} Bc3 {[%clk 0:33:15]} 53. h4
{[%clk 0:14:39]} Bf7 {[%clk 0:33:27]} 54. Rc6 {[%clk 0:14:48]} Be5
{[%clk 0:32:40]} 55. Kg1 {[%clk 0:14:53]} Bh5 {[%clk 0:33:00]} 56. Ra6
{[%clk 0:14:43]} Be2 {[%clk 0:33:10]} 57. Rb6 {[%clk 0:14:57]} Bf6
{[%clk 0:33:12]} 58. Rc6 {[%clk 0:14:50]} Kf7 {[%clk 0:33:02]} 59. Kg2
{[%clk 0:13:30]} Bf3+ {[%clk 0:32:14]} 60. Kh2 {[%clk 0:13:42]} Ke7
{[%clk 0:32:21]} 61. Ra6 {[%clk 0:13:46]} Kd7 {[%clk 0:32:28]} 62. Rb6
{[%clk 0:13:47]} Kc7 {[%clk 0:32:39]} 63. Ra6 {[%clk 0:13:52]} Kb7
{[%clk 0:30:55]} 64. Rd6 {[%clk 0:14:02]} Bg4 {[%clk 0:21:19]} 65. Kg1
{[%clk 0:14:12]} Be5 {[%clk 0:20:16]} 66. Rd5 {[%clk 0:14:24]} Bc7
{[%clk 0:20:23]} 67. Rd7 {[%clk 0:14:25]} g6 {[%clk 0:20:46]} 68. Rd2
{[%clk 0:10:23]} Kb6 {[%clk 0:18:35]} 69. Rb2+ {[%clk 0:10:40]} Ka5
{[%clk 0:18:03]} 70. Rc2 {[%clk 0:10:38]} Bb6 {[%clk 0:18:06]} 71. Ra2+
{[%clk 0:10:55]} Kb5 {[%clk 0:17:47]} 72. Rb2+ {[%clk 0:11:22]} Kc6
{[%clk 0:18:12]} 73. Ra2 {[%clk 0:11:36]} Bh5 {[%clk 0:18:33]} 74. Rc2+
{[%clk 0:09:49]} Kd5 {[%clk 0:18:40]} 75. Rc1 {[%clk 0:09:27]} 1/2-1/2

[Event "5th European Small Nations"]
[Site "Andorra la Vella"]
[Date "2017.11.14"]
[Round "4.10"]
[White "Berezovsky, Igor"]
[Black "Jouault, Louis"]
[Result "1-0"]
[BlackElo "1860"]
[WhiteElo "2378"]
[LiveChessVersion "1.4.8"]

1. d4 {[%clk 1:28:03]} Nf6 {[%clk 1:30:52]} 2. Nf3 {[%clk 1:28:17]} e6
{[%clk 1:31:02]} 3. c4 {[%clk 1:28:29]} d5 {[%clk 1:31:22]} 4. Nc3
{[%clk 1:28:42]} a6 {[%clk 1:31:16]} 5. cxd5 {[%clk 1:28:18]} exd5
{[%clk 1:31:32]} 6. Bg5 {[%clk 1:28:18]} Be6 {[%clk 1:31:03]} 7. Bxf6
{[%clk 1:26:58]} Qxf6 {[%clk 1:30:26]} 8. Qb3 {[%clk 1:26:44]} b5
{[%clk 1:28:11]} 9. a4 {[%clk 1:22:10]} b4 {[%clk 1:26:56]} 10. Nxd5
{[%clk 1:09:44]} Qd8 {[%clk 1:26:52]} 11. e4 {[%clk 1:10:07]} c6 {[%clk 1:26:11]}
12. Bc4 {[%clk 1:10:35]} cxd5 {[%clk 1:24:41]} 13. exd5 {[%clk 1:10:42]} Bf5
{[%clk 1:20:33]} 14. O-O {[%clk 1:08:01]} Bd6 {[%clk 1:18:27]} 15. Rae1+
{[%clk 1:07:09]} Kf8 {[%clk 1:17:33]} 16. Ne5 {[%clk 1:06:06]} g6
{[%clk 1:14:11]} 17. g4 {[%clk 1:03:14]} Bxg4 {[%clk 0:58:47]} 18. Nxg4
{[%clk 1:02:15]} Qg5 {[%clk 0:57:09]} 19. Be2 {[%clk 0:42:49]} h5
{[%clk 0:55:53]} 20. f4 {[%clk 0:28:37]} Bxf4 {[%clk 0:48:39]} 21. Qf3
{[%clk 0:18:05]} Qxg4+ {[%clk 0:44:01]} 22. Qxg4 {[%clk 0:18:26]} Be3+
{[%clk 0:43:49]} 23. Kg2 {[%clk 0:18:01]} hxg4 {[%clk 0:44:11]} 24. Bxg4
{[%clk 0:16:41]} Bxd4 {[%clk 0:43:11]} 25. Re4 {[%clk 0:15:01]} Bxb2
{[%clk 0:36:52]} 26. Rxb4 {[%clk 0:15:21]} Be5 {[%clk 0:35:42]} 27. Rb7
{[%clk 0:14:11]} Rxh2+ {[%clk 0:22:55]} 28. Kg1 {[%clk 0:14:40]} f6
{[%clk 0:23:05]} 29. Rc1 {[%clk 0:14:18]} Nd7 {[%clk 0:19:05]} 30. Bxd7
{[%clk 0:13:15]} Rd2 {[%clk 0:18:08]} 31. Be6 {[%clk 0:13:14]} a5
{[%clk 0:14:39]} 32. Rcb1 {[%clk 0:10:49]} Bd6 {[%clk 0:11:24]} 33. Rh7
{[%clk 0:08:25]} Ke8 {[%clk 0:06:26]} 34. Rh8+ {[%clk 0:06:47]} Bf8
{[%clk 0:06:52]} 35. Rb7 {[%clk 0:07:12]} Rd8 {[%clk 0:05:56]} 36. Bf7# 1-0

[Event "5th European Small Nations"]
[Site "Andorra la Vella"]
[Date "2017.11.14"]
[Round "4.11"]
[White "Wojciechowski, Paul"]
[Black "Villegas, Pierre"]
[Result "0-1"]
[BlackElo "2309"]
[WhiteElo "1912"]
[LiveChessVersion "1.4.8"]

1. e4 {[%clk 1:30:58]} c6 {[%clk 1:30:54]} 2. d4 {[%clk 1:31:11]} d5
{[%clk 1:31:17]} 3. e5 {[%clk 1:31:16]} c5 {[%clk 1:29:55]} 4. dxc5
{[%clk 1:30:01]} e6 {[%clk 1:30:17]} 5. Nf3 {[%clk 1:26:46]} Bxc5
{[%clk 1:30:27]} 6. Bd3 {[%clk 1:27:02]} Nc6 {[%clk 1:30:09]} 7. O-O
{[%clk 1:26:44]} f6 {[%clk 1:29:26]} 8. exf6 {[%clk 1:19:39]} Nxf6
{[%clk 1:28:39]} 9. Qe2 {[%clk 1:14:24]} O-O {[%clk 1:27:18]} 10. Bf4
{[%clk 1:09:30]} Nh5 {[%clk 1:13:19]} 11. Bg5 {[%clk 1:00:02]} Qc7
{[%clk 0:54:19]} 12. Nc3 {[%clk 0:55:15]} h6 {[%clk 0:51:42]} 13. Bd2
{[%clk 0:41:49]} Nf4 {[%clk 0:50:03]} 14. Bxf4 {[%clk 0:41:26]} Rxf4
{[%clk 0:50:19]} 15. a3 {[%clk 0:29:34]} Bd7 {[%clk 0:47:36]} 16. Nb5
{[%clk 0:25:08]} Qb6 {[%clk 0:40:34]} 17. b4 {[%clk 0:22:50]} Be7
{[%clk 0:40:35]} 18. c3 {[%clk 0:18:32]} Raf8 {[%clk 0:29:34]} 19. Rad1
{[%clk 0:09:02]} R4f6 {[%clk 0:24:13]} 20. c4 {[%clk 0:07:48]} Rxf3
{[%clk 0:21:43]} 21. gxf3 {[%clk 0:07:46]} a6 {[%clk 0:22:11]} 22. cxd5
{[%clk 0:07:02]} exd5 {[%clk 0:22:37]} 23. Nc3 {[%clk 0:07:03]} Nd4
{[%clk 0:22:26]} 24. Qxe7 {[%clk 0:03:28]} Nxf3+ {[%clk 0:22:53]} 25. Kg2
{[%clk 0:03:51]} Qc7 {[%clk 0:22:59]} 26. Bh7+ {[%clk 0:03:50]} Kxh7
{[%clk 0:23:25]} 27. Qxf8 {[%clk 0:04:08]} Nh4+ {[%clk 0:23:31]} 28. Kg1
{[%clk 0:03:22]} Qxc3 {[%clk 0:23:56]} 29. Qf4 {[%clk 0:03:34]} Nf3+
{[%clk 0:23:28]} 30. Kg2 {[%clk 0:03:49]} Ng5 {[%clk 0:22:46]} 31. Qg3
{[%clk 0:04:02]} Qf6 {[%clk 0:21:12]} 32. h4 {[%clk 0:03:19]} Ne4
{[%clk 0:21:20]} 33. Qh2 {[%clk 0:02:31]} Bb5 {[%clk 0:21:19]} 34. Rxd5
{[%clk 0:01:43]} Qg6+ {[%clk 0:19:32]} 35. Kh1 {[%clk 0:00:33]} Bxf1
{[%clk 0:19:55]} 0-1

[Event "5th European Small Nations"]
[Site "Andorra la Vella"]
[Date "2017.11.14"]
[Round "4.12"]
[White "Ribbegren, Karl Johan"]
[Black "Kahn, Tito"]
[Result "0-1"]
[BlackElo "1869"]
[WhiteElo "2252"]
[LiveChessVersion "1.4.8"]

1. d4 {[%clk 1:30:50]} e6 {[%clk 1:30:50]} 2. Nf3 {[%clk 1:30:44]} b6
{[%clk 1:30:24]} 3. Nbd2 {[%clk 1:30:01]} d5 {[%clk 1:26:06]} 4. e3
{[%clk 1:28:17]} Bb7 {[%clk 1:25:50]} 5. Bd3 {[%clk 1:27:39]} Nf6
{[%clk 1:24:26]} 6. Ne5 {[%clk 1:24:10]} Bd6 {[%clk 1:24:11]} 7. f4
{[%clk 1:23:10]} O-O {[%clk 1:23:18]} 8. Qf3 {[%clk 1:16:37]} c5 {[%clk 1:22:50]}
9. c3 {[%clk 1:09:13]} Nbd7 {[%clk 1:11:52]} 10. O-O {[%clk 1:08:57]} Qc7
{[%clk 1:11:48]} 11. g4 {[%clk 1:05:19]} Rad8 {[%clk 1:11:36]} 12. g5
{[%clk 1:04:18]} Ne4 {[%clk 1:07:07]} 13. Nxe4 {[%clk 1:02:15]} dxe4
{[%clk 1:06:41]} 14. Bxe4 {[%clk 1:02:39]} Bxe4 {[%clk 1:06:59]} 15. Qxe4
{[%clk 1:02:50]} Nxe5 {[%clk 0:59:40]} 16. fxe5 {[%clk 1:02:09]} Be7
{[%clk 0:59:58]} 17. Qg4 {[%clk 1:00:13]} Qc6 {[%clk 0:53:33]} 18. h4
{[%clk 0:51:27]} Kh8 {[%clk 0:50:32]} 19. Qh5 {[%clk 0:41:05]} Qe4
{[%clk 0:48:40]} 20. Rf4 {[%clk 0:40:03]} Qd3 {[%clk 0:44:34]} 21. Qg4
{[%clk 0:35:53]} f6 {[%clk 0:27:08]} 22. exf6 {[%clk 0:34:14]} gxf6
{[%clk 0:26:25]} 23. Qxe6 {[%clk 0:32:02]} Bd6 {[%clk 0:19:56]} 24. Qf5
{[%clk 0:24:38]} Qd1+ {[%clk 0:17:55]} 25. Rf1 {[%clk 0:24:33]} Qe2
{[%clk 0:17:49]} 26. Qf2 {[%clk 0:21:06]} Qg4+ {[%clk 0:16:42]} 27. Qg2
{[%clk 0:21:02]} Qxh4 {[%clk 0:16:13]} 28. e4 {[%clk 0:21:18]} Rde8
{[%clk 0:13:51]} 29. e5 {[%clk 0:16:36]} fxe5 {[%clk 0:13:28]} 30. Be3
{[%clk 0:13:42]} exd4 {[%clk 0:12:54]} 31. Bf2 {[%clk 0:12:52]} Qh5
{[%clk 0:08:54]} 32. cxd4 {[%clk 0:06:59]} Rg8 {[%clk 0:06:13]} 33. dxc5
{[%clk 0:06:55]} bxc5 {[%clk 0:03:42]} 34. Rad1 {[%clk 0:05:12]} Rxg5
{[%clk 0:03:41]} 35. Rxd6 {[%clk 0:05:17]} Reg8 {[%clk 0:02:50]} 0-1

[Event "5th European Small Nations"]
[Site "Andorra la Vella"]
[Date "2017.11.15"]
[Round "5.1"]
[White "Efimov, Igor"]
[Black "Zerafa, Robert"]
[Result "1-0"]
[BlackElo "2101"]
[WhiteElo "2397"]
[LiveChessVersion "1.4.8"]

1. d4 {[%clk 1:28:29]} Nf6 {[%clk 1:30:04]} 2. Nf3 {[%clk 1:27:50]} g6
{[%clk 1:30:29]} 3. g3 {[%clk 1:27:49]} Bg7 {[%clk 1:30:58]} 4. Bg2
{[%clk 1:28:11]} O-O {[%clk 1:31:18]} 5. O-O {[%clk 1:28:40]} d6 {[%clk 1:31:27]}
6. a4 {[%clk 1:28:48]} a5 {[%clk 1:31:05]} 7. b3 {[%clk 1:26:56]} e5
{[%clk 1:30:25]} 8. dxe5 {[%clk 1:23:16]} Ng4 {[%clk 1:30:30]} 9. Bg5
{[%clk 1:23:32]} Qe8 {[%clk 1:30:07]} 10. Nc3 {[%clk 1:23:51]} Nxe5
{[%clk 1:29:58]} 11. Nd5 {[%clk 1:24:15]} f6 {[%clk 1:15:59]} 12. Nxc7
{[%clk 1:19:52]} Qd8 {[%clk 1:15:47]} 13. Nxa8 {[%clk 1:20:10]} fxg5
{[%clk 1:16:12]} 14. Nd4 {[%clk 1:18:06]} Nbc6 {[%clk 1:16:00]} 15. Nb5
{[%clk 1:18:25]} g4 {[%clk 1:06:09]} 16. Qxd6 {[%clk 1:15:40]} Qg5
{[%clk 1:05:57]} 17. Nac7 {[%clk 1:14:35]} Rd8 {[%clk 0:58:43]} 18. Ne6
{[%clk 1:14:16]} Rxd6 {[%clk 0:59:10]} 19. Nxg5 {[%clk 1:14:38]} Rd2
{[%clk 0:59:33]} 20. Rad1 {[%clk 0:42:28]} Rxe2 {[%clk 0:50:36]} 21. Bd5+
{[%clk 0:40:34]} Kf8 {[%clk 0:44:30]} 22. f4 {[%clk 0:24:10]} gxf3
{[%clk 0:32:10]} 23. Nxf3 {[%clk 0:22:37]} Ke7 {[%clk 0:31:25]} 24. Rde1
{[%clk 0:22:29]} Nxf3+ {[%clk 0:24:41]} 25. Bxf3 {[%clk 0:22:51]} Rxe1
{[%clk 0:25:09]} 26. Rxe1+ {[%clk 0:23:14]} Ne5 {[%clk 0:25:31]} 27. Kg2
{[%clk 0:20:57]} b6 {[%clk 0:24:19]} 28. Na7 {[%clk 0:21:18]} Bd7
{[%clk 0:22:07]} 29. Nc6+ {[%clk 0:21:42]} Bxc6 {[%clk 0:22:24]} 30. Bxc6
{[%clk 0:22:09]} Kd6 {[%clk 0:22:47]} 31. Bb5 {[%clk 0:22:12]} Bf6
{[%clk 0:17:01]} 32. h4 {[%clk 0:19:29]} h5 {[%clk 0:15:03]} 33. Be8
{[%clk 0:19:27]} Kd5 1-0

[Event "5th European Small Nations"]
[Site "Andorra la Vella"]
[Date "2017.11.15"]
[Round "5.2"]
[White "Darmanin, Jake"]
[Black "Berezovsky, Igor"]
[Result "1-0"]
[BlackElo "2378"]
[WhiteElo "2058"]
[LiveChessVersion "1.4.8"]

1. e4 {[%clk 1:30:48]} e6 {[%clk 1:30:55]} 2. d4 {[%clk 1:31:00]} d5
{[%clk 1:31:09]} 3. Nc3 {[%clk 1:30:56]} Bb4 {[%clk 1:31:27]} 4. exd5
{[%clk 1:30:40]} exd5 {[%clk 1:31:23]} 5. Bd3 {[%clk 1:30:59]} Nc6
{[%clk 1:29:50]} 6. a3 {[%clk 1:30:20]} Ba5 {[%clk 1:27:37]} 7. Nge2
{[%clk 1:24:07]} Bg4 {[%clk 1:25:10]} 8. f3 {[%clk 1:19:10]} Bh5 {[%clk 1:24:18]}
9. Nf4 {[%clk 1:08:14]} Bg6 {[%clk 1:20:10]} 10. Nxg6 {[%clk 1:04:30]} hxg6
{[%clk 1:18:07]} 11. Qe2+ {[%clk 0:57:03]} Nge7 {[%clk 1:02:10]} 12. Be3
{[%clk 0:49:43]} Qd6 {[%clk 0:58:07]} 13. g3 {[%clk 0:45:11]} O-O-O
{[%clk 0:48:50]} 14. b4 {[%clk 0:36:54]} Bb6 {[%clk 0:46:00]} 15. Qf2
{[%clk 0:34:23]} Qf6 {[%clk 0:43:05]} 16. Ne2 {[%clk 0:28:00]} Nf5
{[%clk 0:43:10]} 17. Bxf5+ {[%clk 0:27:29]} Qxf5 {[%clk 0:43:25]} 18. O-O-O
{[%clk 0:26:04]} Rde8 {[%clk 0:39:01]} 19. Rhe1 {[%clk 0:19:29]} f6
{[%clk 0:25:52]} 20. Nf4 {[%clk 0:15:28]} g5 {[%clk 0:23:28]} 21. g4
{[%clk 0:15:16]} Qd7 {[%clk 0:21:29]} 22. Nd3 {[%clk 0:15:38]} Rh3
{[%clk 0:15:50]} 23. c3 {[%clk 0:14:57]} Reh8 {[%clk 0:14:39]} 24. Rh1
{[%clk 0:15:09]} Nd8 {[%clk 0:14:41]} 25. Qg2 {[%clk 0:11:47]} Qa4
{[%clk 0:13:01]} 26. Nb2 {[%clk 0:05:59]} Qxa3 {[%clk 0:11:52]} 27. Kc2
{[%clk 0:06:28]} a5 {[%clk 0:10:37]} 28. Bd2 {[%clk 0:02:26]} a4 {[%clk 0:08:47]}
29. Ra1 {[%clk 0:01:20]} Qb3+ {[%clk 0:08:42]} 30. Kc1 {[%clk 0:01:49]} a3
{[%clk 0:08:33]} 31. Nd1 {[%clk 0:01:48]} Nf7 {[%clk 0:06:21]} 32. Be1
{[%clk 0:01:50]} Nd6 {[%clk 0:05:51]} 33. Bg3 {[%clk 0:01:31]} Nc4
{[%clk 0:05:40]} 34. Re1 {[%clk 0:01:21]} R3h7 {[%clk 0:05:08]} 35. Qc2
{[%clk 0:01:14]} Qxc2+ {[%clk 0:04:48]} 36. Kxc2 {[%clk 0:01:43]} Kd7
{[%clk 0:02:17]} 37. Ne3 {[%clk 0:01:55]} Rxh2+ {[%clk 0:01:35]} 38. Bxh2
{[%clk 0:01:15]} Rxh2+ {[%clk 0:02:03]} 39. Kb3 {[%clk 0:00:46]} Rb2+
{[%clk 0:00:39]} 40. Ka4 {[%clk 0:31:14]} Nxe3 {[%clk 0:30:34]} 41. Rxe3
{[%clk 0:31:10]} c6 {[%clk 0:27:22]} 42. Kxa3 {[%clk 0:30:10]} Rh2
{[%clk 0:25:10]} 43. Kb3 {[%clk 0:29:01]} Rh8 {[%clk 0:25:08]} 44. Ra2
{[%clk 0:24:43]} g6 {[%clk 0:23:16]} 45. b5 {[%clk 0:22:35]} cxb5
{[%clk 0:17:25]} 46. Kb4 {[%clk 0:22:20]} Rh1 {[%clk 0:17:47]} 47. Rb2
{[%clk 0:18:40]} Kd6 {[%clk 0:15:42]} 48. Kxb5 {[%clk 0:18:14]} Bd8
{[%clk 0:14:14]} 49. Ka4 {[%clk 0:14:42]} b6 {[%clk 0:13:22]} 50. Rbe2
{[%clk 0:14:34]} Rf1 {[%clk 0:12:22]} 51. Re8 {[%clk 0:12:29]} Kd7
{[%clk 0:11:52]} 52. R2e3 {[%clk 0:11:24]} f5 {[%clk 0:07:05]} 53. Rg8
{[%clk 0:08:13]} fxg4 {[%clk 0:06:37]} 54. Rg7+ {[%clk 0:08:20]} Kc8
{[%clk 0:06:34]} 55. fxg4 {[%clk 0:07:56]} Rf6 {[%clk 0:05:34]} 56. Re8
{[%clk 0:08:12]} Rd6 {[%clk 0:04:23]} 57. Kb5 {[%clk 0:08:17]} Rd7
{[%clk 0:03:39]} 58. Rxd7 {[%clk 0:08:14]} Kxd7 {[%clk 0:04:04]} 59. Rxd8+
{[%clk 0:08:07]} 1-0